| 000 | 00534cam a2200205 4500 | ||
|---|---|---|---|
| 001 | 4532238 | ||
| 005 | 20180124083818.0 | ||
| 008 | 700725s1965 nyuab bs 001 0deng | ||
| 010 | _a 64023282 | ||
| 040 |
_aDLC _cDLC _dDLC |
||
| 041 | _aeng | ||
| 080 | _a301.32THOM | ||
| 082 | 0 | 0 | _a301.32THOM |
| 100 | 1 | _a50 | |
| 101 | _aSOC | ||
| 245 | 1 | 0 |
_aPopulation problems _c[by] Warren S. Thompson [and] David T. Lewis. |
| 504 | _aIncludes bibliographies. | ||
| 906 |
_a7 _bcbc _corignew _du _encip _f19 _gy-gencatlg |
||
| 942 |
_2ddc _cBK |
||
| 999 |
_c40884 _d40884 |
||